000 00709nam a2200289Ia 4500
005 20260324114008.0
008 008 260324s9999 xx 000 0 eng d
020 _a9781003305514
037 _aEBOOK
040 _aCRL
040 _beng
040 _cCRL
041 _2eng
041 _aeng
084 _qCRL
100 _aChristopher Adair-Toteff
_91083775
245 0 _aVilfredo Pareto’s Contributions to Modern Social Theory
245 2 _bA Centennial Appraisal
260 _bTaylor and Francis
260 _c2023
365 _a
365 _b230
856 _uhttp://www.taylorfrancis.com/books/9781003305514
942 _cEBOOK
999 _c1738956
_d1738956